[Event "London PD/GLC Knights"]
[Site "London, County Hall"]
[Date "1984.04.26"]
[Round "1"]
[White "Cox, John J"]
[Black "Large, Peter G"]
[Result "0-1"]
[WhiteElo "2350"]
[BlackElo "2295"]
[Annotator "Arkell/BCM"]
[PlyCount "44"]
[EventDate "1984.04.26"]
[EventType "tourn"]
[EventRounds "15"]
[EventCountry "ENG"]
[EventCategory "4"]
[SourceTitle "BritBase"]
[Source "John Saunders"]
[SourceDate "2020.09.07"]
[SourceVersion "1"]
[SourceVersionDate "2020.09.07"]
[SourceQuality "2"]

1. g3 d5 2. Bg2 e5 3. c4 Nf6 4. cxd5 Nxd5 5. Nc3 Ne7 6. Nf3 Nbc6 7. d4 (7. b4
$5) 7... exd4 8. Nb5 Nf5 9. Bf4 Bb4+ 10. Nd2 O-O 11. Nxc7 g5 $1 12. Nxa8 gxf4
13. a3 Be7 14. Ne4 Be6 15. Qd2 d3 16. e3 fxe3 17. fxe3 Qxa8 18. O-O Qd8 19. Rf4
Ne5 20. Raf1 $2 Nc4 21. Qf2 Nfxe3 22. Rb1 d2 0-1

[Event "London PD/GLC Knights"]
[Site "London, County Hall"]
[Date "1984.04.26"]
[Round "1"]
[White "Crouch, Colin S"]
[Black "Jackson, Sheila"]
[Result "1/2-1/2"]
[WhiteElo "2300"]
[BlackElo "2185"]
[PlyCount "51"]
[EventDate "1984.04.26"]
[EventType "tourn"]
[EventRounds "15"]
[EventCountry "ENG"]
[EventCategory "4"]
[SourceTitle "BritBase"]
[Source "John Saunders"]
[SourceDate "2020.09.07"]
[SourceVersion "1"]
[SourceVersionDate "2020.09.07"]
[SourceQuality "2"]

1. d4 Nf6 2. c4 e6 3. Nf3 Bb4+ 4. Nbd2 b6 5. e3 Bb7 6. Bd3 O-O 7. Qc2 d5 8.
cxd5 exd5 9. O-O Bd6 10. e4 dxe4 11. Nxe4 Nxe4 12. Bxe4 Bxe4 13. Qxe4 Nd7 14.
Bg5 Re8 15. Qc6 Qc8 16. Rfe1 Nf8 17. Rxe8 Qxe8 18. Qb7 Qc8 19. Qd5 Rb8 20. Rc1
Qe6 21. Qxe6 Nxe6 22. Be3 Rd8 23. g3 f6 24. Rc4 Be7 25. Nd2 c5 26. dxc5 1/2-1/2

[Event "London PD/GLC Knights"]
[Site "London, County Hall"]
[Date "1984.04.26"]
[Round "1"]
[White "Fischdick, Gisela"]
[Black "Arkell, Keith C"]
[Result "0-1"]
[WhiteElo "2215"]
[BlackElo "2295"]
[PlyCount "82"]
[EventDate "1984.04.26"]
[EventType "tourn"]
[EventRounds "15"]
[EventCountry "ENG"]
[EventCategory "4"]
[SourceTitle "BritBase"]
[Source "John Saunders"]
[SourceDate "2020.09.07"]
[SourceVersion "1"]
[SourceVersionDate "2020.09.07"]
[SourceQuality "2"]

1. d4 c5 2. d5 e5 3. e4 d6 4. Nc3 Be7 5. Nf3 Bg4 6. Be2 Bxf3 7. Bxf3 Bg5 8.
Bxg5 Qxg5 9. Nb5 Qd8 10. a4 Ne7 11. O-O O-O 12. Qd2 a6 13. Na3 b6 14. Nc4 Qc7
15. Bg4 Rd8 16. a5 b5 17. Nb6 Ra7 18. c4 Ng6 19. b4 cxb4 20. Qxb4 Qe7 21. cxb5
Qg5 22. Bd1 axb5 23. Qxb5 Na6 24. g3 Nc5 25. Re1 Nf4 26. Re3 Qg6 27. Bc2 Rb8
28. Ra2 Qg4 29. f3 Qg5 30. Re1 h5 31. Kf1 Ng6 32. Bb1 Rc7 33. Kf2 h4 34. Rb2
Nd7 35. Qe2 Nf6 36. Bd3 Qh6 37. Kg1 hxg3 38. hxg3 Rc3 39. a6 Ra3 40. Kg2 Nh5
41. Kf2 $4 Nxg3 (41... Nxg3 42. Kxg3 Qh4+ 43. Kg2 Nf4+) 0-1

[Event "London PD/GLC Knights"]
[Site "London, County Hall"]
[Date "1984.04.26"]
[Round "1"]
[White "Johansen, Darryl Keith"]
[Black "Littlewood, Paul E"]
[Result "1/2-1/2"]
[WhiteElo "2475"]
[BlackElo "2435"]
[PlyCount "113"]
[EventDate "1984.04.26"]
[EventType "tourn"]
[EventRounds "15"]
[EventCountry "ENG"]
[EventCategory "4"]
[SourceTitle "BritBase"]
[Source "John Saunders"]
[SourceDate "2020.09.07"]
[SourceVersion "1"]
[SourceVersionDate "2020.09.07"]
[SourceQuality "2"]

1. c4 Nf6 2. Nc3 e5 3. e3 Bb4 4. Nge2 O-O 5. a3 Bxc3 6. Nxc3 c6 7. d4 exd4 8.
Qxd4 d5 9. Be2 Be6 10. cxd5 cxd5 11. O-O Nc6 12. Qf4 Rc8 13. Rd1 Qe7 14. Bd2
Rfd8 15. Be1 h6 16. h4 Rd7 17. Bf3 Rcd8 18. Ne2 Nh7 19. Bc3 Nf8 20. Qg3 f6 21.
Nd4 Ne5 22. Be2 Nc4 23. Rac1 Nd6 24. Ba5 Ra8 25. Bf3 Ne4 26. Bxe4 dxe4 27. Bb4
Qf7 28. Bxf8 Rxf8 29. Nxe6 Rxd1+ 30. Rxd1 Qxe6 31. Qc7 Rf7 32. Rd8+ Kh7 33. Qf4
h5 34. Rd6 Qg4 35. Qxg4 hxg4 36. Kh2 Rc7 37. Kg3 Rc2 38. b4 Ra2 39. Rd7 Rxa3
40. Rxb7 Ra2 41. Re7 f5 42. Re5 Kg6 43. Ra5 Rb2 44. b5 Rb3 45. Kf4 Rb2 46. Kg3
Rb3 47. Kf4 Rb2 48. Ra6+ Kh7 49. Kxf5 Rxf2+ 50. Kxe4 Rxg2 51. Kf4 Rb2 52. Rxa7
Rxb5 53. e4 Rb4 54. Re7 Kg6 55. Kxg4 Kf6 56. Re8 Rb1 57. Ra8 1/2-1/2

[Event "London PD/GLC Knights"]
[Site "London, County Hall"]
[Date "1984.04.26"]
[Round "1"]
[White "McKay, Roderick M"]
[Black "Hartoch, Robert"]
[Result "1/2-1/2"]
[WhiteElo "2355"]
[BlackElo "2355"]
[PlyCount "69"]
[EventDate "1984.04.26"]
[EventType "tourn"]
[EventRounds "15"]
[EventCountry "ENG"]
[EventCategory "4"]
[SourceTitle "BritBase"]
[Source "John Saunders"]
[SourceDate "2020.09.07"]
[SourceVersion "1"]
[SourceVersionDate "2020.09.07"]
[SourceQuality "2"]

1. d4 Nf6 2. Nf3 b6 3. c4 Bb7 4. Nc3 e6 5. a3 d5 6. cxd5 Nxd5 7. Bd2 g6 8. e4
Nxc3 9. Bxc3 Bg7 10. Qc2 O-O 11. O-O-O Nd7 12. d5 exd5 13. Bxg7 Kxg7 14. exd5
Qf6 15. Bb5 c6 16. dxc6 Bxc6 17. Bxc6 Rac8 18. Bxd7 Rxc2+ 19. Kxc2 Rd8 20. Bb5
Qf5+ 21. Bd3 Qc5+ 22. Kb1 Qxf2 23. Rd2 Qc5 24. Rc2 Qh5 25. Bc4 Re8 26. h3 Qf5
27. Rf1 Re7 28. Nd4 Qe4 29. Nb5 Rd7 30. Rxf7+ Rxf7 31. Bxf7 Qe1+ 32. Rc1 Qe4+
33. Rc2 Qe1+ 34. Rc1 Qe4+ 35. Rc2 1/2-1/2

[Event "London PD/GLC Knights"]
[Site "London, County Hall"]
[Date "1984.04.26"]
[Round "1"]
[White "Nicholson, John G"]
[Black "Britton, Richard"]
[Result "0-1"]
[WhiteElo "2260"]
[BlackElo "2310"]
[PlyCount "170"]
[EventDate "1984.04.26"]
[EventType "tourn"]
[EventRounds "15"]
[EventCountry "ENG"]
[EventCategory "4"]
[SourceTitle "BritBase"]
[Source "John Saunders"]
[SourceDate "2020.09.07"]
[SourceVersion "1"]
[SourceVersionDate "2020.09.07"]
[SourceQuality "2"]

1. e4 c5 2. Nf3 d6 3. d4 cxd4 4. Nxd4 Nf6 5. Nc3 a6 6. f4 Nbd7 7. Be2 e5 8. Nf5
Nc5 9. Ng3 Bd7 10. fxe5 dxe5 11. Be3 Bc6 12. Bf3 Qc7 13. O-O Ncd7 14. Kh1 O-O-O
15. Qe2 Bc5 16. a4 g6 17. Rfb1 h5 18. Bxc5 Nxc5 19. b4 Ne6 20. b5 Nd4 21. Qf2
Bd7 22. Nd5 Nxd5 23. exd5 a5 24. Ne4 Kb8 25. Qd2 b6 26. c3 Nxf3 27. gxf3 Be6
28. c4 f5 29. Ng5 Rhe8 30. Nxe6 Rxe6 31. Qe3 Re7 32. Rd1 e4 33. f4 Kb7 34. Rg1
Rd6 35. Rac1 Re8 36. Rc3 Rc8 37. Qd4 Qd7 38. Rgc1 Rc5 39. Qe5 Qd8 40. Rg1 Qc7
41. Rgg3 h4 42. Rg1 Qd8 43. h3 Rc7 44. Rg2 Re7 45. Qd4 Kb8 46. Kg1 Red7 47. Kf2
Qc7 48. Ke3 Rd8 49. Rcc2 Rc8 50. Rc3 Qd8 51. Qe5 Kb7 52. Qg7+ Rc7 53. Qd4 Rc5
54. Qg7+ Rd7 55. Qd4 Qc7 56. Rxg6 Rdxd5 57. Rg7 Rxd4 58. Rxc7+ Rxc7 59. Kxd4
Re7 60. Ke3 Rd7 61. Ke2 Rd4 62. Ke3 Rd1 63. c5 bxc5 64. Rxc5 Rd3+ 65. Ke2 Rxh3
66. Rxf5 Rb3 67. Rh5 h3 68. f5 Kc7 69. f6 Kd7 70. f7 Ke7 71. b6 h2 72. Kf1 Rxb6
73. Rxh2 Rb1+ 74. Kf2 Rb2+ 75. Kg3 Rxh2 76. Kxh2 Kxf7 77. Kg3 Ke6 78. Kf4 Kd5
79. Ke3 Ke5 80. Ke2 Kd4 81. Kd2 Kc4 82. Ke3 Kb4 83. Kxe4 Kxa4 84. Kd3 Kb3 85.
Kd2 Kb2 0-1

[Event "London PD/GLC Knights"]
[Site "London, County Hall"]
[Date "1984.04.27"]
[Round "2"]
[White "Britton, Richard"]
[Black "Lawton, Geoffrey W"]
[Result "1/2-1/2"]
[WhiteElo "2310"]
[BlackElo "2395"]
[PlyCount "62"]
[EventDate "1984.04.26"]
[EventType "tourn"]
[EventRounds "15"]
[EventCountry "ENG"]
[EventCategory "4"]
[SourceTitle "BritBase"]
[Source "John Saunders"]
[SourceDate "2020.09.07"]
[SourceVersion "1"]
[SourceVersionDate "2020.09.07"]
[SourceQuality "2"]

1. e4 d6 2. d4 Nf6 3. Nc3 g6 4. Nf3 Bg7 5. Be2 O-O 6. O-O Bg4 7. Be3 Nc6 8. Qd2
e5 9. dxe5 dxe5 10. Rad1 Qc8 11. h3 Bxf3 12. Bxf3 Rd8 13. Qc1 Nd4 14. Bxd4 exd4
15. Nd5 Nxd5 16. exd5 Qd7 17. Qd2 Qb5 18. Rb1 Qc4 19. a3 Rd6 20. Rfd1 Rb6 21.
b3 Qc5 22. a4 Rd6 23. Re1 Rdd8 24. Re2 Re8 25. Rbe1 Rxe2 26. Rxe2 Bf6 27. g3
Kg7 28. h4 h5 29. Kg2 Rd8 30. Qd3 Qd6 31. Qb5 Qb6 1/2-1/2

[Event "London PD/GLC Knights"]
[Site "London, County Hall"]
[Date "1984.04.27"]
[Round "2"]
[White "Condie, Mark L"]
[Black "Crouch, Colin S"]
[Result "1/2-1/2"]
[WhiteElo "2340"]
[BlackElo "2300"]
[PlyCount "105"]
[EventDate "1984.04.26"]
[EventType "tourn"]
[EventRounds "15"]
[EventCountry "ENG"]
[EventCategory "4"]
[SourceTitle "BritBase"]
[Source "John Saunders"]
[SourceDate "2020.09.07"]
[SourceVersion "1"]
[SourceVersionDate "2020.09.07"]
[SourceQuality "2"]

1. d4 d5 2. Bf4 c5 3. e3 Nc6 4. c3 Nf6 5. Nd2 Qb6 6. Qb3 Bf5 7. dxc5 Qxb3 8.
axb3 e5 9. Bg3 Bxc5 10. Ngf3 Nd7 11. b4 Bd6 12. Nd4 Nxd4 13. exd4 f6 14. Nf3
Ke7 15. dxe5 fxe5 16. Bb5 Be4 17. Bxd7 Bxf3 18. Bh3 Bh5 19. Bh4+ Kf7 $4 20. Rd1
g5 21. Bxg5 Rhg8 22. Rxd5 Bxb4 23. Bh4 Bf8 24. Rd7+ Ke8 25. O-O Bg4 26. Bxg4
Rxg4 27. Rxh7 Bg7 28. Bg3 Rd8 29. Re1 Re4 30. Kf1 Rxe1+ 31. Kxe1 Kf8 32. Rh4
Rd5 33. Rc4 Rd7 34. Ke2 Kf7 35. Ke3 Ke6 36. Ke4 Bf6 37. Rb4 b6 38. Rb5 Rd1 39.
f4 exf4 40. Bxf4 Rb1 41. Rb3 Be7 $1 42. g4 Bc5 43. c4 a5 44. Be3 a4 45. Rd3
Bxe3 46. Rxe3 Rxb2 47. h4 Kf6 48. Kd4 Rh2 49. Kd5 Rxh4 50. Re6+ Kf7 51. Rxb6
Rxg4 52. c5 Ke7 53. Ra6 1/2-1/2

[Event "London PD/GLC Knights"]
[Site "London, County Hall"]
[Date "1984.04.27"]
[Round "2"]
[White "Fischdick, Gisela"]
[Black "Nicholson, John G"]
[Result "0-1"]
[WhiteElo "2215"]
[BlackElo "2260"]
[PlyCount "64"]
[EventDate "1984.04.26"]
[EventType "tourn"]
[EventRounds "15"]
[EventCountry "ENG"]
[EventCategory "4"]
[SourceTitle "BritBase"]
[Source "John Saunders"]
[SourceDate "2020.09.07"]
[SourceVersion "1"]
[SourceVersionDate "2020.09.07"]
[SourceQuality "2"]

1. d4 Nf6 2. c4 c5 3. d5 b5 4. cxb5 a6 5. e3 g6 6. Nc3 Bg7 7. Nf3 O-O 8. a4 e6
9. dxe6 fxe6 10. Qd6 Bb7 11. Qxc5 axb5 12. Bxb5 Ne4 13. Nxe4 Bxe4 14. Be2 Nc6
15. Qd6 Rf5 16. Bc4 Bxf3 17. gxf3 Ne5 18. Be2 Nxf3+ 19. Bxf3 Rxf3 20. Qd1 Qf6
21. Rf1 Rf5 22. Ra2 Rd5 23. Bd2 Qf5 24. a5 Rxd2 25. Qxd2 Qb1+ 26. Ke2 Qxa2 27.
Qxd7 Qxb2+ 28. Kf3 Qf6+ 29. Kg2 Qg5+ 30. Kh3 Qf5+ 31. Kg3 Rxa5 32. Rc1 Qg5+ 0-1

[Event "London PD/GLC Knights"]
[Site "London, County Hall"]
[Date "1984.04.27"]
[Round "2"]
[White "Hartoch, Robert"]
[Black "Johansen, Darryl Keith"]
[Result "0-1"]
[WhiteElo "2355"]
[BlackElo "2475"]
[PlyCount "106"]
[EventDate "1984.04.26"]
[EventType "tourn"]
[EventRounds "15"]
[EventCountry "ENG"]
[EventCategory "4"]
[SourceTitle "BritBase"]
[Source "John Saunders"]
[SourceDate "2020.09.07"]
[SourceVersion "1"]
[SourceVersionDate "2020.09.07"]
[SourceQuality "2"]

1. Nf3 g6 2. d4 Bg7 3. c3 Nf6 4. Bg5 d6 5. Nbd2 h6 6. Bh4 O-O 7. e4 Qe8 8. Bc4
c6 9. e5 Nh5 10. O-O d5 11. Bd3 b6 12. Re1 Nf4 13. Bc2 Na6 14. Bg3 Ne6 15. Nf1
c5 16. Ne3 Bb7 17. Qd2 Qd7 18. Nh4 cxd4 19. cxd4 Qb5 20. Bb3 h5 21. Nc2 Qa5 22.
Qe3 Nb4 23. Nf3 Nxc2 24. Bxc2 Rfc8 25. Bb3 Rc7 26. Bh4 Rac8 27. h3 Ba6 28. g4
hxg4 29. hxg4 Bc4 30. Kg2 Qb5 31. Rad1 Bxb3 32. axb3 Bf8 33. Rd2 Rc1 34. Rxc1
Rxc1 35. Nh2 Qa5 36. f4 Bh6 37. Bg3 Qa1 38. Kh3 Rh1 39. Rf2 Rd1 40. g5 Bf8 41.
Nf3 Qb1 42. Rd2 Rxd2 43. Qxd2 Qf1+ 44. Kg4 Ng7 45. Nh2 Qb1 46. Kh3 Nf5 47. Kg2
Qe4+ 48. Nf3 e6 49. Bf2 a5 50. Qc1 Bb4 51. Qc8+ Kh7 52. Qc1 Kg7 53. Be1 Nxd4
0-1

[Event "London PD/GLC Knights"]
[Site "London, County Hall"]
[Date "1984.04.27"]
[Round "2"]
[White "Jackson, Sheila"]
[Black "McKay, Roderick M"]
[Result "0-1"]
[WhiteElo "2185"]
[BlackElo "2355"]
[PlyCount "70"]
[EventDate "1984.04.26"]
[EventType "tourn"]
[EventRounds "15"]
[EventCountry "ENG"]
[EventCategory "4"]
[SourceTitle "BritBase"]
[Source "John Saunders"]
[SourceDate "2020.09.07"]
[SourceVersion "1"]
[SourceVersionDate "2020.09.07"]
[SourceQuality "2"]

1. e4 c5 2. c3 d6 3. d4 Nf6 4. dxc5 Nc6 5. Bd3 dxc5 6. Qe2 a6 7. Nf3 Bg4 8.
Nbd2 e6 9. h3 Bh5 10. O-O Nd7 11. Bc2 Qc7 12. Re1 Be7 13. Qe3 Bg6 14. a4 O-O
15. Nf1 b5 16. Qe2 c4 17. Nd4 Nxd4 18. cxd4 Rae8 19. Ne3 Qb7 20. Nd1 Nb8 21.
axb5 axb5 22. Qe3 Nc6 23. Nc3 Qb6 24. d5 Bc5 25. Qd2 Nb4 26. Re2 Nxc2 27. Qxc2
Rd8 28. dxe6 fxe6 29. Be3 Rd3 30. Bxc5 Qxc5 31. Ra5 Be8 32. Rd2 Qd4 33. Re2 b4
34. Nb5 Bxb5 35. Rxb5 b3 0-1

[Event "London PD/GLC Knights"]
[Site "London, County Hall"]
[Date "1984.04.27"]
[Round "2"]
[White "Littlewood, Paul E"]
[Black "Cox, John J"]
[Result "1-0"]
[WhiteElo "2435"]
[BlackElo "2350"]
[PlyCount "67"]
[EventDate "1984.04.26"]
[EventType "tourn"]
[EventRounds "15"]
[EventCountry "ENG"]
[EventCategory "4"]
[SourceTitle "BritBase"]
[Source "John Saunders"]
[SourceDate "2020.09.07"]
[SourceVersion "1"]
[SourceVersionDate "2020.09.07"]
[SourceQuality "2"]

1. d4 e6 2. Nf3 c5 3. e3 Nf6 4. c4 d5 5. Nc3 Nc6 6. cxd5 exd5 7. Be2 Bd6 8. O-O
O-O 9. Nb5 Ne4 10. Nxd6 Qxd6 11. dxc5 Qxc5 12. Bd2 Bg4 13. a3 Qb6 14. b4 Rfd8
15. Ra2 a6 16. h3 Be6 17. Rb2 d4 18. exd4 Nxd4 19. Be3 Nxe2+ 20. Qxe2 Qb5 21.
Qc2 Qd3 22. Qa4 Rac8 23. Re1 Nc3 24. Qa5 Rd5 25. Bc5 h6 26. Rd2 Qg6 27. Qb6
Rxd2 28. Nxd2 Qd3 29. Nf1 Bd5 30. Qd6 Qg6 31. Qxg6 fxg6 32. Re7 Ne4 33. Ne3 Bf7
$4 34. Rxe4 1-0

[Event "London PD/GLC Knights"]
[Site "London, County Hall"]
[Date "1984.04.28"]
[Round "3"]
[White "Cox, John J"]
[Black "Hartoch, Robert"]
[Result "1/2-1/2"]
[WhiteElo "2350"]
[BlackElo "2355"]
[PlyCount "57"]
[EventDate "1984.04.26"]
[EventType "tourn"]
[EventRounds "15"]
[EventCountry "ENG"]
[EventCategory "4"]
[SourceTitle "BritBase"]
[Source "John Saunders"]
[SourceDate "2020.09.07"]
[SourceVersion "1"]
[SourceVersionDate "2020.09.07"]
[SourceQuality "2"]

1. e4 e5 2. Nf3 Nf6 3. Nxe5 d6 4. Nf3 Nxe4 5. d4 d5 6. Bd3 Nc6 7. O-O Be7 8.
Re1 Bf5 9. c4 O-O 10. Nc3 Nxc3 11. bxc3 Bxd3 12. Qxd3 dxc4 13. Qxc4 Bd6 14. Qb5
Qf6 15. Rb1 a6 16. Qd5 b5 17. Bg5 Qg6 18. g3 h6 19. Qxc6 hxg5 20. Rb2 Ba3 21.
Qxg6 fxg6 22. Rb3 Rxf3 23. Rxa3 b4 24. Rb3 Raf8 25. Re2 bxc3 26. Rc2 Rd8 27.
Rbxc3 Rxc3 28. Rxc3 Rxd4 29. Rxc7 1/2-1/2

[Event "London PD/GLC Knights"]
[Site "London, County Hall"]
[Date "1984.04.28"]
[Round "3"]
[White "Crouch, Colin S"]
[Black "McNab, Colin Anderson"]
[Result "1-0"]
[WhiteElo "2300"]
[BlackElo "2375"]
[PlyCount "83"]
[EventDate "1984.04.26"]
[EventType "tourn"]
[EventRounds "15"]
[EventCountry "ENG"]
[EventCategory "4"]
[SourceTitle "BritBase"]
[Source "John Saunders"]
[SourceDate "2020.09.07"]
[SourceVersion "1"]
[SourceVersionDate "2020.09.07"]
[SourceQuality "2"]

1. d4 g6 2. c4 d6 3. e4 Nd7 4. Nc3 e5 5. Be3 Bg7 6. Be2 Ngf6 7. d5 a5 8. Nf3
O-O 9. Nd2 Nc5 10. g4 Qd7 11. Rg1 Qe7 12. Qc2 Na6 13. h4 c6 14. h5 cxd5 15.
cxd5 Bd7 16. h6 Bh8 17. Nc4 b5 18. Nb6 b4 19. Nd1 Rac8 20. Nxc8 Rxc8 21. Qd3
Nc5 22. Bxc5 Rxc5 23. g5 Ne8 24. Ne3 Nc7 25. Qd2 Nb5 26. Bxb5 Rxb5 27. Rc1 f6
28. Rc7 fxg5 29. Qd3 Qd8 30. Qc4 Bf6 31. Ng4 $1 Be7 32. Nxe5 Bh3 33. Ng4 Rb8
34. e5 Qf8 35. e6 Qf5 36. Ne3 Qb1+ 37. Qc1 Qxc1+ 38. Rxc1 Bf6 39. Rc2 Bf5 40.
Nxf5 gxf5 41. Rc7 g4 42. Rf7 1-0

[Event "London PD/GLC Knights"]
[Site "London, County Hall"]
[Date "1984.04.28"]
[Round "3"]
[White "Johansen, Darryl Keith"]
[Black "Jackson, Sheila"]
[Result "1-0"]
[WhiteElo "2475"]
[BlackElo "2185"]
[PlyCount "73"]
[EventDate "1984.04.26"]
[EventType "tourn"]
[EventRounds "15"]
[EventCountry "ENG"]
[EventCategory "4"]
[SourceTitle "BritBase"]
[Source "John Saunders"]
[SourceDate "2020.09.07"]
[SourceVersion "1"]
[SourceVersionDate "2020.09.07"]
[SourceQuality "2"]

1. d4 Nf6 2. Nf3 e6 3. g3 c5 4. Bg2 cxd4 5. O-O Nc6 6. Nxd4 d5 7. c4 Be7 8. Nc3
O-O 9. cxd5 Nxd5 10. Nxd5 exd5 11. Be3 Be6 12. Qa4 Qd7 13. Nxc6 bxc6 14. Rac1
Rfc8 15. Bc5 Bf6 16. Rc2 Rcb8 17. Bd4 Bxd4 18. Qxd4 Rb6 19. Rfc1 Rab8 20. b3
Rb4 21. Qd2 R4b6 22. Rc5 f5 23. Qc3 Rc8 24. e3 Qd6 25. h4 Qd7 26. b4 g6 27. a3
Kf7 28. Bf1 a6 29. a4 Qb7 30. a5 Rxb4 31. Bxa6 Qxa6 32. Qxb4 Bd7 33. Qf4 Qb7
34. Qd6 Be8 35. h5 $1 gxh5 36. Qh6 Kg8 37. Rxd5 $1 1-0

[Event "London PD/GLC Knights"]
[Site "London, County Hall"]
[Date "1984.04.28"]
[Round "3"]
[White "Large, Peter G"]
[Black "Littlewood, Paul E"]
[Result "0-1"]
[WhiteElo "2295"]
[BlackElo "2435"]
[PlyCount "82"]
[EventDate "1984.04.26"]
[EventType "tourn"]
[EventRounds "15"]
[EventCountry "ENG"]
[EventCategory "4"]
[SourceTitle "BritBase"]
[Source "John Saunders"]
[SourceDate "2020.09.07"]
[SourceVersion "1"]
[SourceVersionDate "2020.09.07"]
[SourceQuality "2"]

1. b3 e5 2. Bb2 d6 3. e3 Nf6 4. Nf3 g6 5. c4 Bg7 6. Nc3 O-O 7. d4 e4 8. Nd2 Re8
9. Qc2 Bf5 10. Be2 Nc6 11. Nf1 Nb4 12. Qd2 c5 13. d5 b5 $1 14. Nxb5 Bg4 15. f3
exf3 16. gxf3 Bf5 17. Rc1 a6 18. Nc3 Nh5 19. h4 Nf4 $1 20. e4 $2 (20. Kd1 Nh3
21. Rh2 Qxh4 22. a3 Nf2+ 23. Rxf2 Qxf2 24. axb4 $14) 20... Nh3 21. Rxh3 (21.
Rh2 Qxh4+ 22. Kd1 Bh6 $19) 21... Bxh3 22. Qf4 Be5 23. Qh6 Qf6 24. Qg5 Qxg5 25.
hxg5 Nxa2 26. Nxa2 Bxb2 27. Rc2 Be5 28. b4 cxb4 29. Nxb4 a5 30. Nd3 Bd4 31. Nd2
a4 32. Nb4 Bd7 33. c5 dxc5 34. Na6 Ra7 35. d6 Re6 36. Nxc5 Bxc5 37. Rxc5 a3 38.
Rc7 Rxc7 39. dxc7 a2 40. Nb3 Rb6 41. Bc4 Rxb3 0-1

[Event "London PD/GLC Knights"]
[Site "London, County Hall"]
[Date "1984.04.28"]
[Round "3"]
[White "Lawton, Geoffrey W"]
[Black "Fischdick, Gisela"]
[Result "1/2-1/2"]
[WhiteElo "2395"]
[BlackElo "2215"]
[PlyCount "112"]
[EventDate "1984.04.26"]
[EventType "tourn"]
[EventRounds "15"]
[EventCountry "ENG"]
[EventCategory "4"]
[SourceTitle "BritBase"]
[Source "John Saunders"]
[SourceDate "2020.09.07"]
[SourceVersion "1"]
[SourceVersionDate "2020.09.07"]
[SourceQuality "2"]

1. e4 c5 2. Nf3 e6 3. d4 cxd4 4. Nxd4 Nc6 5. Nb5 d6 6. c4 Nf6 7. N1c3 a6 8. Na3
Be7 9. Be2 O-O 10. O-O b6 11. Be3 Bb7 12. Qb3 Nd7 13. Rfd1 Nc5 14. Qc2 Bf6 15.
Rac1 Bxc3 16. Qxc3 Nxe4 17. Qb3 Rb8 18. Bxb6 Qe7 19. Qe3 Nb4 20. Nc2 Nxc2 21.
Rxc2 Rfc8 22. Ba5 d5 23. Bd3 Nf6 24. cxd5 Nxd5 25. Qe4 Nf6 26. Qh4 h6 27. Rcd2
Qc5 28. Bc3 Qg5 29. Qxg5 hxg5 30. f3 Nd5 31. Be5 Ra8 32. b3 a5 33. a4 Nb4 34.
Bb5 Bd5 35. Rb2 Rc2 36. Rxc2 Nxc2 37. Bc7 Na3 38. Rd3 Nxb5 39. axb5 a4 40. bxa4
Rxa4 41. b6 Rb4 42. g3 Rb2 43. f4 gxf4 44. gxf4 f6 45. h4 g6 46. Bd8 Kf7 47.
Rc3 Ke8 48. Rc8 Kf7 49. Kf1 e5 50. fxe5 fxe5 51. Rc5 Ke6 52. Bc7 e4 53. Rc3 Kf5
54. Rg3 Bc4+ 55. Ke1 Kf6 56. Rg5 Rb3 $1 1/2-1/2

[Event "London PD/GLC Knights"]
[Site "London, County Hall"]
[Date "1984.04.28"]
[Round "3"]
[White "McKay, Roderick M"]
[Black "Condie, Mark L"]
[Result "1-0"]
[WhiteElo "2355"]
[BlackElo "2340"]
[PlyCount "81"]
[EventDate "1984.04.26"]
[EventType "tourn"]
[EventRounds "15"]
[EventCountry "ENG"]
[EventCategory "4"]
[SourceTitle "BritBase"]
[Source "John Saunders"]
[SourceDate "2020.09.07"]
[SourceVersion "1"]
[SourceVersionDate "2020.09.07"]
[SourceQuality "2"]

1. d4 d5 2. c4 e6 3. Nc3 Bb4 4. e3 c5 5. a3 Bxc3+ 6. bxc3 Nf6 7. cxd5 exd5 8.
Bd3 O-O 9. Ne2 Nc6 10. O-O Ne7 11. Ng3 Ng6 12. f3 b6 13. Bb2 Bb7 14. Qd2 Ne8
15. Rae1 Nd6 16. e4 Rc8 17. Bc1 cxd4 18. cxd4 Nc4 19. Qf2 f6 20. Nf5 Ne7 21. e5
Nxf5 22. Bxf5 Rc6 23. Qh4 g6 24. exf6 Qxf6 25. Qxf6 Rfxf6 26. Bd7 Rc7 27. Bh6
$2 Rxd7 28. Re8+ Kf7 29. Rfe1 g5 30. Bxg5 Rg6 31. h4 Nd6 32. Rh8 Kg7 33. Rb8
Bc6 34. Bf4 Nf7 35. h5 Rf6 36. h6+ Kg6 37. Rg8+ Kf5 38. Be5 Rg6 39. g4+ Kg5 40.
f4+ Kxh6 $4 (40... Kxg4 $19) 41. Kf2 $3 (41. Kf2 Rxg8 42. Rh1+ Kg6 43. f5+ Kg5
44. Kg3 $1 Nxe5 45. dxe5 h6 46. Rh5#) 1-0

[Event "London PD/GLC Knights"]
[Site "London, County Hall"]
[Date "1984.04.28"]
[Round "3"]
[White "Nicholson, John G"]
[Black "Arkell, Keith C"]
[Result "0-1"]
[WhiteElo "2260"]
[BlackElo "2295"]
[PlyCount "108"]
[EventDate "1984.04.26"]
[EventType "tourn"]
[EventRounds "15"]
[EventCountry "ENG"]
[EventCategory "4"]
[SourceTitle "BritBase"]
[Source "John Saunders"]
[SourceDate "2020.09.07"]
[SourceVersion "1"]
[SourceVersionDate "2020.09.07"]
[SourceQuality "2"]

1. e4 c6 2. d4 d5 3. Nd2 dxe4 4. Nxe4 Bf5 5. Ng3 Bg6 6. Nf3 Nd7 7. Bd3 Bxd3 8.
Qxd3 Ngf6 9. O-O g6 10. Re1 Bg7 11. Qa3 Nb6 12. Bg5 Nc4 13. Qd3 Nd6 14. Qe2 h6
15. Bd2 e6 16. c4 O-O 17. Ne5 Nf5 18. Nxf5 exf5 19. Rad1 Re8 20. Be3 Qa5 21.
Qc2 Ng4 22. Nxg4 fxg4 23. b3 Bxd4 24. Qd2 Bc3 25. Qe2 Bxe1 26. Rxe1 Rad8 27.
Rf1 Qf5 28. Qb2 Qe5 29. Qxe5 Rxe5 30. Bxa7 Ra8 31. Bd4 Re4 32. Bc3 Rxa2 33. Rd1
Re8 34. g3 Ra3 35. Rb1 c5 36. Bd2 Rea8 37. Bc3 f5 38. Be5 Kf7 39. b4 Ke6 40.
Bg7 Kf7 41. Be5 Re8 42. Bd6 cxb4 43. Bxb4 Ra4 44. Bd2 Re7 45. c5 g5 46. Rb6 Ra6
47. Rb1 Ra2 48. Be3 Ra4 49. Rb6 f4 50. gxf4 gxf4 51. Bd2 Rd7 52. Bc3 Rd1+ 53.
Kg2 f3+ 54. Kg3 Rg1+ 0-1